Rutland Places - Sudden Death - Statistics

General Stats
  • This quiz has been taken 24 times
  • The average score is 5 of 8
Answers on the Grid
Answers color-coded by a green-red scale on the quiz's grid according to % correct below.
Bishop's Stortford
Camberley
Chatham
Clevedon
Cottesmore
Empingham
Essendine
Felixstowe
Glossop
Harlow
Ketton
Langham
Luffenham
Maidenhead
Market Harborough
Oakham
Rugby
Uppingham
Wellingborough
Worthing
 
Answer Stats
Answer % Correct
Empingham
73%
Oakham
73%
Langham
67%
Cottesmore
60%
Uppingham
60%
Ketton
53%
Luffenham
53%
Essendine
40%
No matching quizzes found
Score Distribution
Percent of People with Each Score
Percentile by Number Answered
Your Score History
You have not taken this quiz